The new copyright directive (Record no. 103141)
[ view plain ]
| 000 -LEADER | |
|---|---|
| fixed length control field | 00981cam a2200277 4500 |
| 008 - FIXED-LENGTH DATA ELEMENTS--GENERAL INFORMATION | |
| fixed length control field | 031028n2004 000 0 eng u |
| 020 ## - INTERNATIONAL STANDARD BOOK NUMBER | |
| International Standard Book Number | 0853088810 |
| 035 ## - SYSTEM CONTROL NUMBER | |
| System control number | (Sirsi) u124091 |
| 041 ## - LANGUAGE CODE | |
| Language code of text/sound track or separate title | eng |
| 050 ## - LIBRARY OF CONGRESS CALL NUMBER | |
| Classification number | 346.410482 |
| -- | 18 |
| 100 ## - MAIN ENTRY--PERSONAL NAME | |
| Personal name | Cook, T. |
| 245 #4 - TITLE STATEMENT | |
| Title | The new copyright directive |
| Remainder of title | UK implementation |
| 260 ## - PUBLICATION, DISTRIBUTION, ETC. | |
| Place of publication, distribution, etc. | Bristol |
| Name of publisher, distributor, etc. | Jordan Publishing Ltd |
| Date of publication, distribution, etc. | 2004 |
| 300 ## - PHYSICAL DESCRIPTION | |
| Extent | xxiv, 268p. |
| Dimensions | 25cm |
| 350 ## - PRICE (NR) (BK AM CF MU VM SE) [OBSOLETE] | |
| Price | 59 |
| 490 ## - SERIES STATEMENT | |
| Series statement | Jordans New Law Series |
| 520 ## - SUMMARY, ETC. | |
| Summary, etc. | A guide to intellectual property. The Copyright Directive was implemented on 31st October 2003, and affect the basic rights of users of copyright material, in particular the rights of reproduction and electronic communication to the public. |
| 650 ## - SUBJECT ADDED ENTRY--TOPICAL TERM | |
| Topical term or geographic name entry element | COPYRIGHT |
| 650 ## - SUBJECT ADDED ENTRY--TOPICAL TERM | |
| Topical term or geographic name entry element | DIRECTIVE 2001/29/EC |
| 650 ## - SUBJECT ADDED ENTRY--TOPICAL TERM | |
| Topical term or geographic name entry element | INTELLECTUAL PROPERTY |
| 690 ## - LOCAL SUBJECT ADDED ENTRY--TOPICAL TERM (OCLC, RLIN) | |
| Topical term or geographic name as entry element | MANAGEMENT-BUSINESS MANAGEMENT-INFORMATION MANAGEMENT |
| 700 ## - ADDED ENTRY--PERSONAL NAME | |
| Personal name | Brazell, L. |
| 700 ## - ADDED ENTRY--PERSONAL NAME | |
| Personal name | Chalton, S. |
| 700 ## - ADDED ENTRY--PERSONAL NAME | |
| Personal name | Smyth, C. |
| 942 ## - ADDED ENTRY ELEMENTS (KOHA) | |
| Suppress in OPAC | 0 |
| Withdrawn status | Lost status | Source of classification or shelving scheme | Damaged status | Not for loan | Home library | Current library | Shelving location | Date acquired | Total Checkouts | Full call number | Barcode | Date last seen | Date last checked out | Copy number | Price effective from | Koha item type |
|---|---|---|---|---|---|---|---|---|---|---|---|---|---|---|---|---|
| Dewey Decimal Classification | London | London | Books | 22/04/2004 | 3 | 346.410482 COO | 30069134 | 06/08/2019 | 28/04/2006 | 1 | 06/08/2019 | Book |